Les devises des pays de l'union européenne - Statistiques

Statistiques générales
  • Ce quiz a été pris 38 fois
  • Le résultat moyen est 5 sur 27
Statistiques - réponses
DEVISE PAYS % Correct
Liberté, Égalité, Fraternité FRANCE
84%
L'Union fait la force BELGIQUE
22%
L'Union fait la force BULGARIE
22%
SANS AUTRICHE
22%
SANS CHYPRE
22%
SANS CROATIE
22%
SANS ESTONIE
22%
SANS FINLANDE
22%
SANS HONGRIE
22%
SANS IRLANDE
22%
SANS ITALIE
22%
SANS LETTONIE
22%
SANS PORTUGAL
22%
SANS ROUMANIE
22%
SANS SLOVAQUIE
22%
SANS SLOVENIE
22%
Je maintiendrai PAYS-BAS
19%
Dieu, honneur et patrie POLOGNE
3%
Encore plus loin ESPAGNE
3%
La liberté ou la mort GRECE
3%
La vérité triomphe TCHEQUIE
3%
Nous voulons rester ce que nous sommes LUXEMBOURG
3%
Par le courage et la constance MALTE
3%
Unité et Droit et Liberté ALLEMAGNE
3%
L’aide de Dieu, l’amour du peuple, la force du (nom du pays) DANEMARK
0%
Liberté, Unité, Prospérité LITUANIE
0%
Pour la (nom du pays), en notre temps SUEDE
0%
Aucun quiz correspondant
Distribution des résultats
% des personnes avec chaque résultat
Percentile par nombre de réponses
Votre historique - résultats
Vous n’avez pas pris ce quiz